|
|
|
|
| LEADER |
02043nam a2200529 a 4500 |
| 001 |
nkc20122389519 |
| 003 |
CZ PrNK |
| 005 |
20130614134800.0 |
| 007 |
ta |
| 008 |
120803s2012 xr a b e 000 0 cze |
| 015 |
|
|
|a cnb002389519
|
| 020 |
|
|
|a 978-80-242-3011-5
|q (váz.)
|
| 035 |
|
|
|a (OCoLC)847727140
|
| 040 |
|
|
|a BOA001
|b cze
|d ABA001
|
| 041 |
1 |
|
|a cze
|h fre
|
| 072 |
|
7 |
|a 502
|x Životní prostředí a jeho ochrana
|2 Konspekt
|9 2
|
| 072 |
|
7 |
|a 0/9-053.2
|x Literatura pro děti a mládež (naučná)
|2 Konspekt
|9 26
|
| 080 |
|
|
|a 523.31
|2 MRF
|
| 080 |
|
|
|a 502.17
|2 MRF
|
| 080 |
|
|
|a (031)
|2 MRF
|
| 080 |
|
|
|a (0.053.2)
|2 MRF
|
| 100 |
1 |
|
|a Lahoreau, Gaëlle,
|d 1978-
|7 xx0169291
|4 aut
|
| 245 |
1 |
0 |
|a Moje planeta /
|c text Gaëlle Lahoreauová ; ilustrace Isa Pythonová ; [z francouzského originálu ... přeložila Anna Svobodová]
|
| 250 |
|
|
|a Vyd. 1.
|
| 260 |
|
|
|a Praha :
|b Knižní klub,
|c 2012
|
| 300 |
|
|
|a 22 s. :
|b barev. il. ;
|c 23 cm +
|e samolepky (2 l.) + 3 vlepené obálky s překvapením (14 karet)
|
| 490 |
1 |
|
|a Neuvěřitelná Larousse encyklopedie
|
| 500 |
|
|
|a Kniha s rozkládacími listy, odklápěcími okénky, posuvnými obrázky, vyjímatelnými částmi
|
| 500 |
|
|
|a Listy se samolepkami všity uprostřed pub.
|
| 521 |
8 |
|
|a Pro děti od 5 let
|
| 650 |
0 |
7 |
|a Země
|7 ph117167
|2 czenas
|
| 650 |
0 |
7 |
|a ochrana životního prostředí
|7 ph115553
|2 czenas
|
| 650 |
0 |
9 |
|a Earth
|2 eczenas
|
| 650 |
0 |
9 |
|a environmental protection
|2 eczenas
|
| 655 |
|
7 |
|a encyklopedie
|7 fd132201
|2 czenas
|
| 655 |
|
7 |
|a publikace pro děti
|7 fd133156
|2 czenas
|
| 655 |
|
9 |
|a encyclopedias
|2 eczenas
|
| 655 |
|
9 |
|a children's literature
|2 eczenas
|
| 700 |
1 |
|
|a Python, Isa,
|d 1961-
|7 xx0169290
|4 ill
|
| 765 |
0 |
|
|t Ma planète
|9 Česky
|
| 830 |
|
0 |
|a Neuvěřitelná Larousse encyklopedie
|
| 910 |
2 |
|
|a BOA001
|b 2-1304.604
|
| 928 |
9 |
|
|a Euromedia Group - Knižní klub
|
| 990 |
|
|
|a BK
|
| 995 |
|
|
|a 01
|
| 991 |
|
|
|b 201305
|c NOV
|e dn
|
| 996 |
6 |
|
|b 2610548534
|c 2-1304.604
|l MZK
|r Sklad / do 1 hodiny
|n 0
|p p.v.
|w 001326233
|u 000010
|a 1
|e BOA001
|j MZK50
|s P
|